Materials science and engineering : (Record no. 12056)

MARC details
000 -LEADER
fixed length control field 00667nam a22002172 4500
001 - CONTROL NUMBER
control field 0000013582
005 - DATE AND TIME OF LATEST TRANSACTION
control field 20151217155220.0
008 - FIXED-LENGTH DATA ELEMENTS--GENERAL INFORMATION
fixed length control field 090928s xx 000 0 eng d
020 ## - INTERNATIONAL STANDARD BOOK NUMBER
International Standard Book Number 0471736967 :
040 ## - CATALOGING SOURCE
Original cataloging agency KABU
Transcribing agency KABU
100 1# - MAIN ENTRY--PERSONAL NAME
Personal name Callister, William D.
-- 0000171032
245 10 - TITLE STATEMENT
Title Materials science and engineering :
Remainder of title an introduction /
Statement of responsibility, etc. William D. Callister.
250 ## - EDITION STATEMENT
Edition statement 7th ed.
260 ## - PUBLICATION, DISTRIBUTION, ETC. (IMPRINT)
Place of publication, distribution, etc. New York :
Name of publisher, distributor, etc. J. Wiley,
Date of publication, distribution, etc. 2007.
300 ## - PHYSICAL DESCRIPTION
Extent xxv, 721 p.
500 ## - GENERAL NOTE
General note E-book at www.wiley.com/college/callister.
650 #0 - SUBJECT ADDED ENTRY--TOPICAL TERM
Topical term or geographic name as entry element Materials.
-- 0000156149
852 1# - LOCATION
-- p4034 KES
908 ## - PUT COMMAND PARAMETER (RLIN)
Put command parameter 090928
950 ## - LOCAL HOLDINGS (RLIN)
-- 1
Holdings
Withdrawn status Lost status Source of classification or shelving scheme Not for loan Home library Current library Date acquired Total Checkouts Total Renewals Full call number Barcode Date last seen Date last checked out Price effective from Koha item type
    Library of Congress Classification   Kabarak, Main Campus Kabarak, Main Campus 17/12/2015 18 1 TA403 .C35 2007 c. 1 18193 27/06/2023 27/06/2023 17/12/2015 General Collection
Designed with assistance from East African Informatics Ltd